000 00328nam a22001337a 4500
020 _a8122419046
082 _222
_a628.114
100 _aRaghunath, H. M.
245 _aGround water /
250 _a3rd.
260 _aNew Delhi,
_bNew Age International,
_cc2006.
300 _axv, 504 p. ;
_bill. ;
_c25 cm.
942 _2ddc
_cCIVIL
_01
999 _c359
_d359